PHARMACEUTICAL CHEMISTRY (Record no. 832256)

MARC details
000 -LEADER
fixed length control field 00374nam a2200145Ia 4500
008 - FIXED-LENGTH DATA ELEMENTS--GENERAL INFORMATION
fixed length control field 230817s2022 xx 000 0 und d
041 ## - LANGUAGE CODE
Language code of text/sound track or separate title eng
082 ## - DEWEY DECIMAL CLASSIFICATION NUMBER
Classification number 615.19/MAH/KUC
100 ## - MAIN ENTRY--PERSONAL NAME
Personal name DR.K.R.MAHADIK
245 ## - TITLE STATEMENT
Title PHARMACEUTICAL CHEMISTRY
260 ## - PUBLICATION, DISTRIBUTION, ETC.
Name of publisher, distributor, etc. NIRALI PUBLICATION
Date of publication, distribution, etc. 2022
300 ## - PHYSICAL DESCRIPTION
Extent P/B13.14
650 ## - SUBJECT ADDED ENTRY--TOPICAL TERM
Topical term or geographic name entry element PHARMACEUTICAL CHEMISTRY
700 ## - ADDED ENTRY--PERSONAL NAME
Personal name DR. B.S. KUCHEKAR

No items available.